000 00656 a2200241 4500
502 _aThèse de Doctorat
260 _aWageningen
653 1 _aAgronomie
100 _aMARCELIS, Chris
041 _bEn
260 _bUniversité de Wageningen
300 _a178 p.
245 _aAnaerobic biodesulfurization of thiophenes
300 _bIll., Couv. ill. ; 24 cm
260 _c16 Décembre 25002
130 _lEn
040 _aSupport
041 _bEn
653 1 _aNutrition et Sciences Alimentaires
100 _uAbomey-Calavi, Université d'Abomey-Calavi, Faculté des Sciences Agronomiques, Bj
020 _a90-5808-757-0
999 _c31817
_d31817